[Event "Andalucia-chA"]
[Site "Algeciras"]
[Date "2018.05.19"]
[Round "6"]
[White "Gomez Gonzalez, Raquel"]
[Black "Aguirre Fernandez, Carlos"]
[Result "1-0"]
[WhiteElo "1870"]
[BlackElo "1762"]
[PlyCount "125"]
[EventDate "2018.05.12"]
[EventType "swiss"]
[EventRounds "8"]
[EventCountry "ESP"]
[SourceTitle "EXT 2020"]
[Source "ChessBase"]
[SourceDate "2019.10.17"]
[SourceVersion "1"]
[SourceVersionDate "2019.10.17"]
[SourceQuality "1"]

1. Nf3 Nf6 2. g3 g6 3. Bg2 Bg7 4. d4 0-0 5. 0-0 d6 6. c4 Nc6 7. Nc3 Bf5 8. Bg5 Ne4 9. Be3 a6 10. Nh4 Nxc3 11. bxc3 Bd7 12. Rb1 Rb8 13. Qc1 Qc8 14. d5 Na5 15. c5 Nc4 16. Bd4 e5 17. dxe6 Bxe6 18. cxd6 Nxd6 19. a4 Bh3 20. Re1 Bxg2 21. Kxg2 Qe6 22. Nf3 Rfe8 23. Qf4 Qe4 24. Qxe4 Rxe4 25. e3 h6 26. Rec1 Rc8 27. Nd2 Re6 28. Nb3 b6 29. a5 Nc4 30. axb6 cxb6 31. Ra1 a5 32. Rd1 Rec6 33. Nd2 Bxd4 34. cxd4 Nxd2 35. Rxd2 f5 36. Rb2 Rd8 37. Rb5 Ra8 38. Ra4 Re8 39. Ra2 Ra8 40. h3 Kf7 41. g4 Kf6 42. Kf3 Rf8 43. gxf5 gxf5 44. Kf4 Kg6 45. Rab2 Rff6 46. Rb1 h5 47. h4 Rc2 48. f3 Rh2 49. Kg3 Re2 50. Rxb6 Rxe3 51. Rxf6+ Kxf6 52. Rb6+ Kg7 53. Rb5 a4 54. Rxf5 Rd3 55. Rxh5 Rxd4 56. Ra5 Kg6 57. f4 Rb4 58. Kg4 Kh6 59. Ra6+ Kg7 60. Kg5 Rb5+ 61. f5 Rb4 62. Ra7+ Kf8 63. h5 1-0

[Event "Andalucia-chA"]
[Site "Algeciras"]
[Date "2018.05.18"]
[Round "4"]
[White "Diaz Gallego, Saul"]
[Black "Gomez Gonzalez, Raquel"]
[Result "1-0"]
[WhiteElo "1718"]
[BlackElo "1870"]
[PlyCount "76"]
[EventDate "2018.05.12"]
[EventType "swiss"]
[EventRounds "8"]
[EventCountry "ESP"]
[SourceTitle "EXT 2020"]
[Source "ChessBase"]
[SourceDate "2019.10.17"]
[SourceVersion "1"]
[SourceVersionDate "2019.10.17"]
[SourceQuality "1"]

1. d4 Nf6 2. Bf4 d5 3. Nf3 g6 4. e3 Bg7 5. Be2 Nbd7 6. h3 0-0 7. 0-0 c5 8. c3 b6 9. Nbd2 Bb7 10. a4 Re8 11. a5 bxa5 12. Qa4 cxd4 13. exd4 Ne4 14. Bb5 Nb6 15. Qxa5 Nxd2 16. Nxd2 Rf8 17. Nb3 a6 18. Be2 Nd7 19. Qxd8 Rfxd8 20. Na5 Ra7 21. Nxb7 Rxb7 22. Rfb1 e5 23. dxe5 Nxe5 24. Rxa6 Nd7 25. Rd6 Bxc3 26. Ba6 Rb4 27. Rxd5 Ra8 28. Rxd7 Rxa6 29. Bh6 Ra8 30. Rbd1 Bf6 31. R1d6 Ra1+ 32. Kh2 Be5+ 33. g3 f5 34. Re6 Bxg3+ 35. Kxg3 Ra8 36. Ree7 Rxb2 37. Rg7+ Kf8 38. Rxh7+ Ke8 1-0

[Event "Andalucia-ch U16"]
[Site "Huelva"]
[Date "2014.04.27"]
[Round "8.7"]
[White "Gomez Gonzalez, Raquel"]
[Black "Marquez Marvizon, Alejandra"]
[Result "0-1"]
[WhiteElo "1491"]
[BlackElo "1820"]
[PlyCount "39"]
[EventDate "2014.04.25"]
[EventType "swiss"]
[EventRounds "9"]
[EventCountry "ESP"]
[SourceTitle "EXT 2024"]
[Source "ChessBase"]
[SourceDate "2023.10.10"]
[SourceVersion "1"]
[SourceVersionDate "2023.10.10"]
[SourceQuality "1"]

1. d4 d5 2. c4 c6 3. Nc3 dxc4 4. a4 e5 5. dxe5 Qxd1+ 6. Kxd1 Be6 7. e3 Nd7 8. f4 0-0-0 9. Ke2 f6 10. exf6 Ngxf6 11. Nf3 Bc5 12. Bd2 Rhe8 13. h3 Nh5 14. Ne4 Nxf4+ 15. exf4 Bd5 16. Kd1 Bxe4 17. Bxc4 Nb6 18. Bb3 Be3 19. Kc1 Bxf3 20. Bxe3 0-1

[Event "Andalucia-ch U16"]
[Site "Huelva"]
[Date "2014.04.25"]
[Round "2.9"]
[White "Gomez Gonzalez, Raquel"]
[Black "Mateos Atienza, Alberto"]
[Result "1/2-1/2"]
[WhiteElo "1491"]
[BlackElo "1601"]
[PlyCount "32"]
[EventDate "2014.04.25"]
[EventType "swiss"]
[EventRounds "9"]
[EventCountry "ESP"]
[SourceTitle "EXT 2024"]
[Source "ChessBase"]
[SourceDate "2023.10.10"]
[SourceVersion "1"]
[SourceVersionDate "2023.10.10"]
[SourceQuality "1"]

1. d4 Nf6 2. c4 e6 3. Nc3 d5 4. cxd5 exd5 5. g3 c6 6. Bg2 h6 7. Nf3 Bd6 8. 0-0 Bf5 9. Re1 0-0 10. a3 Nbd7 11. b4 Nb6 12. b5 Re8 13. a4 Bb4 14. Qb3 Ba5 15. Ba3 Bxc3 16. Qxc3 Nxa4 1/2-1/2

[Event "ESP-ch U14"]
[Site "Salobrena"]
[Date "2012.07.09"]
[Round "1"]
[White "Gomez Gonzalez, Raquel"]
[Black "Perez Garcia, Alejandro"]
[Result "0-1"]
[WhiteElo "1568"]
[BlackElo "1902"]
[PlyCount "56"]
[EventDate "2012.07.09"]
[EventType "swiss"]
[EventRounds "9"]
[EventCountry "ESP"]
[SourceTitle "EXT 2014"]
[Source "ChessBase"]
[SourceDate "2013.11.20"]
[SourceVersion "1"]
[SourceVersionDate "2013.11.20"]
[SourceQuality "1"]

1. d4 Nf6 2. c4 e5 3. dxe5 Ng4 4. Nf3 Bc5 5. e3 Nc6 6. Be2 0-0 7. 0-0 Ngxe5 8. Nxe5 Nxe5 9. Nd2 Re8 10. Nf3 a5 11. b3 Nxf3+ 12. Bxf3 Ra6 13. g3 Rd6 14. Qc2 Qf6 15. Be4 Qxa1 16. Bb2 Qxb2 17. Bxh7+ Kh8 18. Qxb2 Kxh7 19. Qc2+ g6 20. Qe2 b6 21. h4 Bb7 22. h5 Re5 23. hxg6+ Rxg6 24. Rd1 Rh6 25. f3 Rxe3 26. Qc2+ Be4 27. Qc1 Rxf3+ 28. Kg2 Rff6# 0-1